MARC

LEADER 00000nam0a2200000 4500
001 285594
005 20231101235817.0
035 |a (RuTPU)RU\TPU\book\309837 
090 |a 285594 
100 |a 20150226d1969 k y0rusy50 ca 
101 0 |a rus 
102 |a RU 
105 |a a z 001zy 
200 1 |a Выветривание и литогенез  |f В. П. Казаринов [и др.] 
210 |a Москва  |c Недра  |d 1969 
215 |a 456 с.  |c ил. 
320 |a Библиогр.: с. 440-454. 
606 1 |a Литогенез аллювиальный  |2 stltpush  |3 (RuTPU)RU\TPU\subj\40428  |9 60277 
610 1 |a литология 
610 1 |a выветривание 
610 1 |a кора выветривания 
610 1 |a минералогический состав 
610 1 |a литолого-формационный анализ 
610 1 |a Западно-Сибирская платформа 
610 1 |a нижний карбон 
610 1 |a Саяно-Алтайская складчатая область 
610 1 |a рудообразование 
675 |a 552.5  |v 3 
701 1 |a Казаринов  |b В. П.  |g Владимир Пантелеймонович 
701 1 |a Бгатов  |b В. И. 
701 1 |a Гурова  |b Т. И. 
701 1 |a Казанский  |b Ю. П. 
701 1 |a Будников  |b В. И. 
801 1 |a RU  |b 63413507  |c 20150226 
801 2 |a RU  |b 63413507  |c 20220218  |g RCR 
942 |c BK